[Event "ROM-ch"]
[Site "Sarata Monteoru"]
[Date "2012.02.20"]
[Round "10"]
[White "Acsinte, Matei Ionut"]
[Black "Tudose, Cristian"]
[Result "1/2-1/2"]
[WhiteElo "1997"]
[BlackElo "1854"]
[PlyCount "61"]
[EventDate "2012.02.13"]
[EventType "swiss"]
[EventRounds "11"]
[EventCountry "ROU"]
[SourceTitle "CBM 147 Extra"]
[Source "ChessBase"]
[SourceDate "2012.04.24"]
[SourceVersion "1"]
[SourceVersionDate "2012.04.24"]
[SourceQuality "1"]

1. e4 c5 2. Nc3 Nc6 3. g4 h5 4. gxh5 Nf6 5. Bg2 Nxh5 6. Nge2 e6 7. d3 a6 8. Ng3 g6 9. Be3 Qa5 10. 0-0 Bg7 11. f4 Nxg3 12. hxg3 d6 13. e5 d5 14. Ne2 Bd7 15. d4 Nxd4 16. Nxd4 cxd4 17. Qxd4 Rc8 18. c3 Bf8 19. Rfd1 Bc5 20. Qd2 Qb6 21. Bxc5 Qxc5+ 22. Qd4 Ke7 23. Rac1 a5 24. Qxc5+ Rxc5 25. Rd4 Rhc8 26. Rcd1 R8c7 27. Kf2 Bb5 28. Bf1 Bxf1 29. Rxf1 Rc4 30. Rxc4 Rxc4 31. Ke3 1/2-1/2

[Event "ROM-ch"]
[Site "Sarata Monteoru"]
[Date "2012.02.18"]
[Round "8"]
[White "Tudose, Cristian"]
[Black "David, Alexandru Vasile"]
[Result "0-1"]
[WhiteElo "1854"]
[BlackElo "1968"]
[PlyCount "166"]
[EventDate "2012.02.13"]
[EventType "swiss"]
[EventRounds "11"]
[EventCountry "ROU"]
[SourceTitle "CBM 147 Extra"]
[Source "ChessBase"]
[SourceDate "2012.04.24"]
[SourceVersion "1"]
[SourceVersionDate "2012.04.24"]
[SourceQuality "1"]

1. e4 c5 2. Nc3 Nc6 3. g3 g6 4. Bg2 Bg7 5. Nge2 d6 6. 0-0 e6 7. d3 Rb8 8. Be3 Nd4 9. Qd2 b5 10. Bxd4 cxd4 11. Nd1 Ne7 12. f4 0-0 13. g4 f5 14. g5 Bb7 15. Nf2 e5 16. a4 a6 17. c4 dxc3 18. bxc3 d5 19. exf5 Nxf5 20. fxe5 Bxe5 21. d4 Bd6 22. axb5 axb5 23. Ng4 Be7 24. Qd3 Bxg5 25. Nf4 Bxf4 26. Rxf4 Qg5 27. Raf1 Nh4 28. Rxf8+ Rxf8 29. Rxf8+ Kxf8 30. Qf1+ Kg7 31. Ne5 Bc8 32. Qf7+ Kh6 33. Qf2 Qxg2+ 34. Qxg2 Nxg2 35. Kxg2 Be6 36. Kg3 g5 37. h4 Kh5 38. hxg5 Kxg5 39. Nf3+ Kf5 40. Nd2 Bd7 41. Nb3 Be8 42. Nc5 Bg6 43. Kf3 Bh5+ 44. Ke3 Bd1 45. Na6 Bb3 46. Nc7 Bc4 47. Ne8 h5 48. Kf3 Kg5 49. Nd6 Kh4 50. Kf4 Kh3 51. Kf3 Bd3 52. Ke3 Bc4 53. Kf3 h4 54. Nf7 Kh2 55. Kf2 Bd3 56. Nd6 Kh3 57. Kf3 Be4+ 58. Kf4 Bc2 59. Kf3 Bd3 60. Ke3 Kg2 61. Kxd3 h3 62. Nxb5 h2 63. Nc7 h1Q 64. Nxd5 Kf3 65. Kc4 Ke4 66. Nb4 Qf1+ 67. Kc5 Qf3 68. c4 Qf8+ 69. Kb5 Kxd4 70. Nc6+ Kc3 71. c5 Qc8 72. Na5 Qc7 73. c6 Kd4 74. Nc4 Kd5 75. Nb6+ Kd6 76. Nc4+ Kd5 77. Nb6+ Ke6 78. Nc4 Qa7 79. Nb6 Qb8 80. Kc5 Qe5+ 81. Kb4 Qd4+ 82. Kb5 Kd6 83. Nc4+ Kc7 0-1

[Event "ROM-ch"]
[Site "Sarata Monteoru"]
[Date "2012.02.15"]
[Round "3"]
[White "Tudose, Cristian"]
[Black "Mongescu, Lucian"]
[Result "1/2-1/2"]
[WhiteElo "1854"]
[BlackElo "1984"]
[PlyCount "61"]
[EventDate "2012.02.13"]
[EventType "swiss"]
[EventRounds "11"]
[EventCountry "ROU"]
[SourceTitle "CBM 147 Extra"]
[Source "ChessBase"]
[SourceDate "2012.04.24"]
[SourceVersion "1"]
[SourceVersionDate "2012.04.24"]
[SourceQuality "1"]

1. e4 e6 2. b3 d5 3. exd5 exd5 4. Bb2 Be6 5. Nf3 Nd7 6. Be2 Ngf6 7. d3 Bd6 8. Nbd2 0-0 9. 0-0 c5 10. d4 b6 11. c4 Qc7 12. g3 Rfe8 13. Rc1 Rac8 14. Re1 Qb8 15. Ng5 Bf5 16. cxd5 h6 17. Ngf3 Nxd5 18. Nc4 N5f6 19. Ne3 Be4 20. Nd2 Bb7 21. Bf3 cxd4 22. Bxd4 Rxc1 23. Qxc1 Bb4 24. Bxb7 Qxb7 25. a3 Bc5 26. Bxc5 Nxc5 27. Nf5 Rxe1+ 28. Qxe1 Nfe4 29. Nxe4 Qxe4 30. Qxe4 Nxe4 31. Nd4 1/2-1/2